00434nam a2200133Ia 450000500170000000800410001708200150005810000240007324501190009726000450021630000130026165000170027465000090029120240416062324.0240331s9999 xx 000 0 und d bSRIa323.4 aSrilanka foundation 0aSeminar on law enforcement agencies and their role in the implementation of the international bill of human rights aColombo :bSri Lanka Foundation /c1987. a142 p ., aHuman Rights aLaw.